Cinématique et dynamique classiques du point matériel : Initiation à la mécanique de Newton (notice n° 1570541)
[ vue normale ]
| 000 -LEADER | |
|---|---|
| fixed length control field | 00780cam a2200133 4500500 |
| 005 - DATE AND TIME OF LATEST TRANSACTION | |
| control field | 20251214014559.0 |
| 041 ## - LANGUAGE CODE | |
| Language code of text/sound track or separate title | fre |
| 042 ## - AUTHENTICATION CODE | |
| Authentication code | dc |
| 100 10 - MAIN ENTRY--PERSONAL NAME | |
| Personal name | Gourieux, Thierry |
| Relator term | author |
| 245 00 - TITLE STATEMENT | |
| Title | Cinématique et dynamique classiques du point matériel : Initiation à la mécanique de Newton |
| 260 ## - PUBLICATION, DISTRIBUTION, ETC. | |
| Name of publisher, distributor, etc. | Ellipses,<br/> |
| Date of publication, distribution, etc. | 2022.<br/> |
| 520 ## - SUMMARY, ETC. | |
| Summary, etc. | - Cours d’initiation à la mécanique de Newton.- Des exercices accompagnés de corrigés détaillés.- Les mathématiques employées font l’objet de 5 annexes.Public: étudiants en licence et en CPGE.L’auteur: Thierry Gourieux est physicien au sein de l’université de Lorraine. |
| 856 41 - ELECTRONIC LOCATION AND ACCESS | |
| Uniform Resource Identifier | <a href="https://stm.cairn.info/cinematique-et-dynamique-classiques-du-point-materiel-bis--9782340064324?lang=fr&redirect-ssocas=7080">https://stm.cairn.info/cinematique-et-dynamique-classiques-du-point-materiel-bis--9782340064324?lang=fr&redirect-ssocas=7080</a> |
Pas d'exemplaire disponible.




Réseaux sociaux